Statistics for All train stations in West Sussex

Click here to take the quiz!

General Stats

  • This quiz has been taken 35 times
  • The average score is 26 of 38

Answer Stats

GroupAnswer% Correct
West Coastway lineBognor Regis
85%
West Coastway lineChichester
85%
Arun Valley lineHorsham
85%
West Coastway lineLittlehampton
85%
Brighton main lineThree Bridges
85%
Arun Valley lineArundel
81%
Arun Valley lineCrawley
81%
Brighton main lineHaywards Heath
81%
West Coastway lineWorthing
81%
West Coastway lineBarnham
78%
West Coastway lineFord
78%
Arun Valley lineBillingshurst
74%
Arun Valley lineChrist's Hospital
74%
Brighton main lineGatwick Airport
74%
Arun Valley linePulborough
74%
Brighton main lineBurgess Hill
70%
West Coastway lineWest Worthing
70%
Arun Valley lineAmberley
67%
West Coastway lineEast Worthing
67%
West Coastway lineFishbourne
67%
West Coastway lineShoreham-by-Sea
67%
West Coastway lineAngmering
63%
West Coastway lineLancing
63%
West Coastway lineSouthbourne
63%
West Coastway lineSouthwick
63%
Brighton main lineBalcombe
59%
Brighton main lineHassocks
59%
Arun Valley lineIfield
59%
West Coastway lineNutbourne
59%
West Coastway lineBosham
56%
West Coastway lineFishersgate
56%
West Coastway lineGoring-by-Sea
56%
Arun Valley lineLittlehaven
56%
Brighton main lineWivelsfield
52%
West Coastway lineDurrington-by-Sea
48%
Oxted lineEast Grinstead
48%
Arun Valley lineFaygate
48%
Portsmouth lineWarnham
33%

Score Distribution

Percentile by Number Answered

Percent of People with Each Score

Your Score History

You have not taken this quiz